| 000 | 00555nam a2200181Ia 4500 | ||
|---|---|---|---|
| 003 | GCL | ||
| 008 | 140319s9999 xx 000 0 ara d | ||
| 040 |
_aGCL / _cGCL |
||
| 082 | 0 | 4 |
_a515 _bت ح |
| 100 | 1 | _aتوماس، ج0 ب | |
| 245 | 1 | 0 |
_aحساب التفاضل والتكامل والهندسة التحليلية / _cتوماس، ج0 ب |
| 700 | 1 | _aموفق دعبول (مترجم) | |
| 300 | _a686ص | ||
| 490 |
_a100 قصة _v0 |
||
| 650 | 0 | 4 | _aالتفاضل والتكامل |
| 650 | 0 | 4 | _aالهندسة التحليلية |
| 942 |
_2ddc _cBK |
||
| 999 |
_c44132 _d44132 |
||